| 000 | 01340cam a2200289 4500 | ||
|---|---|---|---|
| 001 | J4062 | ||
| 008 | 090401t1996 xxu||||| |||| 00| 0 eng d | ||
| 035 | _a(Sirsi) u58089 | ||
| 041 | _aeng | ||
| 050 | _a711.1 | ||
| 110 |
_aJournal of Planning and Environment Law _92913 |
||
| 245 | _aBringing the environment down to earth : papers from a conference held at Oxford, September 1996, organised by the Bar Council, the Law Society and the Royal Institution of Chartered Surveyors. | ||
| 260 |
_aLondon _bSweet and Maxwell _c1996 |
||
| 300 | _a90p. ; 25cm. | ||
| 350 | _a0 | ||
| 490 |
_aJournal of Planning and Environment Law Occasional Paper _v24 |
||
| 520 | _aPapers :- The Environment Agency./ GALLAGHER, E. - The environmental transaction./ GREENWOOD, B. - Environment management : case studies from experiences in the process industries./ BARBOUR, A.K. - PPG 13 - quantifying the impact./ SAVELL, A. - Lobbying - paying lip service to the environment./ DIMOLDENBERG, P. - Housing - is it sustainable?/ WARREN, G. | ||
| 650 | _aBAR COUNCIL | ||
| 650 | _aENVIRONMENT AGENCY | ||
| 650 | _aENVIRONMENTAL MANAGEMENT | ||
| 650 | _aLAW SOCIETY | ||
| 650 | _aPLANNING POLICY GUIDANCE NOTE 13 | ||
| 650 | _aROYAL INSTITUTION OF CHARTERED SURVEYORS | ||
| 690 | _aPLANNING LAW AND PRACTICE | ||
| 942 | _n0 | ||
| 948 | _c04/03/1997 | ||
| 999 |
_c94023 _d94023 |
||